Measuring property impacts of transport schemes (Record no. 117402)

MARC details
000 -LEADER
fixed length control field 01561cam a2200277 4500
001 - CONTROL NUMBER
control field WB4020-20
008 - FIXED-LENGTH DATA ELEMENTS--GENERAL INFORMATION
fixed length control field 040526n2004 000 0 eng u
035 ## - SYSTEM CONTROL NUMBER
System control number (Sirsi) u126293
245 ## - TITLE STATEMENT
Title Measuring property impacts of transport schemes
260 ## - PUBLICATION, DISTRIBUTION, ETC.
Date of publication, distribution, etc. 2004
490 ## - SERIES STATEMENT
Series statement RICS Press Release
Volume/sequential designation (pr053) 25 May 2004 (2)
520 ## - SUMMARY, ETC.
Summary, etc. RICS working with the ODPM and DfT has launched a new tool for measuring the impact of transport schemes on property values. The methodologies developed from research by Atis Real Weatheralls, University College London and Geofutures, should prove valuable in appraising land use, planning and urban regeneration proposals. It includes a wide-ranging literature review and a case study of the Croydon tramlink. "Land values and public transport: stage two - testing the methodology on the Croydon tramlink" is available at http://www.rics.org/ricscms/bin/show?class=Researc hReports&template=/includes/showresearch.html&id=8 1 or as a free CD ROM available from RICS contact centre on ++44 870 333 1600/ [email protected]. http://www.rics.org/ricscms/bin/show?class=PressRe lease&template=/includes/showpr.html&id=1182
590 ## - LOCAL NOTE (RLIN)
Local note WB
590 ## - LOCAL NOTE (RLIN)
Local note WB
650 ## - SUBJECT ADDED ENTRY--TOPICAL TERM
Topical term or geographic name entry element CROYDON TRAMLINK
650 ## - SUBJECT ADDED ENTRY--TOPICAL TERM
Topical term or geographic name entry element Land use
9 (RLIN) 6251
650 ## - SUBJECT ADDED ENTRY--TOPICAL TERM
Topical term or geographic name entry element URBAN REGENERATION
650 ## - SUBJECT ADDED ENTRY--TOPICAL TERM
Topical term or geographic name entry element RESIDENTIAL PROPERTY
9 (RLIN) 6266
650 ## - SUBJECT ADDED ENTRY--TOPICAL TERM
Topical term or geographic name entry element PLANNING
650 ## - SUBJECT ADDED ENTRY--TOPICAL TERM
Topical term or geographic name entry element PROPERTY-COMMERCIAL PROPERTY
650 ## - SUBJECT ADDED ENTRY--TOPICAL TERM
Topical term or geographic name entry element PROPERTY VALUES
650 ## - SUBJECT ADDED ENTRY--TOPICAL TERM
Topical term or geographic name entry element PROPERTY IMPACTS
650 ## - SUBJECT ADDED ENTRY--TOPICAL TERM
Topical term or geographic name entry element TRANSPORT SCHEMES
690 ## - LOCAL SUBJECT ADDED ENTRY--TOPICAL TERM (OCLC, RLIN)
Topical term or geographic name as entry element TRANSPORT AND COMMUNICATIONS
942 ## - ADDED ENTRY ELEMENTS (KOHA)
Suppress in OPAC 0
Holdings
Withdrawn status Lost status Source of classification or shelving scheme Damaged status Not for loan Home library Current library Shelving location Date acquired Total Checkouts Full call number Barcode Date last seen Copy number Price effective from Koha item type
    Dewey Decimal Classification     London London News article 26/05/2004   WB4020-20 126293-1001 06/08/2019 1 06/08/2019 News article